But not too bold (Record no. 5040)

MARC details
000 -CABECERA
campo de control de longitud fija 01523nam a22002897a 4500
008 - DATOS DE LONGITUD FIJA--INFORMACIÓN GENERAL
campo de control de longitud fija 251013b |||||||| |||| 00| 0 eng d
020 ## - NÚMERO INTERNACIONAL ESTÁNDAR DEL LIBRO
Número Internacional Estándar del Libro 9781250376633
040 ## - FUENTE DE LA CATALOGACIÓN
Centro/agencia transcriptor TBS
041 ## - CÓDIGO DE LENGUA
Código de lengua del texto/banda sonora o título independiente eng
050 ## - SIGNATURA TOPOGRÁFICA DE LA BIBLIOTECA DEL CONGRESO
Número de clasificación PQ9698.426.U43
Número de documento/Ítem B4613 2025
100 ## - ENTRADA PRINCIPAL--NOMBRE DE PERSONA
Nombre de persona Pueyo, Hache
9 (RLIN) 26138
Término indicativo de función/relación author
240 ## - TÍTULO UNIFORME
Título uniforme Bem mal me quer.
Lenguaje de la obra English.
245 ## - MENCIÓN DE TÍTULO
Título But not too bold
Mención de responsabilidad, etc. / Hache Pueyo.
250 ## - MENCIÓN DE EDICIÓN
Mención de edición First edition.
260 ## - PUBLICACIÓN, DISTRIBUCIÓN, ETC.
Lugar de publicación, distribución, etc. New York, NY :
Nombre del editor, distribuidor, etc. Tor Publishing Group,
Fecha de publicación, distribución, etc. 2025.
300 ## - DESCRIPCIÓN FÍSICA
Extensión 111 pages ;
Dimensiones 21 cm
500 ## - NOTA GENERAL
Nota general Translation of: Bem mal me quer / Hache Pueyo.
520 ## - SUMARIO, ETC.
Sumario, etc. The old keeper of the keys is dead, and the creature who ate her is the volatile Lady of the Capricious House-Anatema, an enormous humanoid spider with a taste for laudanum and human brides. Dalia, the old keeper's protégée, must take up her duties, locking and unlocking the little drawers in which Anatema keeps her memories. And if she can unravel the crime that led to her predecessor's death, Dalia might just be able to survive long enough to grow into her new role. But there's a gaping hole in Dalia's plan that she refuses to see: Anatema cannot resist a beautiful woman, and she eventually devours every single bride that crosses her path.
650 #0 - PUNTO DE ACCESO ADICIONAL DE MATERIA--TÉRMINO DE MATERIA
Término de materia o nombre geográfico como elemento de entrada Beauty, Personal
Subdivisión de forma Fiction
9 (RLIN) 26139
650 #0 - PUNTO DE ACCESO ADICIONAL DE MATERIA--TÉRMINO DE MATERIA
Término de materia o nombre geográfico como elemento de entrada Brides
Subdivisión de forma Fiction
9 (RLIN) 23686
650 #0 - PUNTO DE ACCESO ADICIONAL DE MATERIA--TÉRMINO DE MATERIA
Término de materia o nombre geográfico como elemento de entrada Monsters
Subdivisión de forma Fiction
9 (RLIN) 26140
655 #0 - TÉRMINO DE INDIZACIÓN--GÉNERO/FORMA
Datos o término principal de género/forma Monster fiction
9 (RLIN) 26141
655 #0 - TÉRMINO DE INDIZACIÓN--GÉNERO/FORMA
Datos o término principal de género/forma Paranormal fiction
9 (RLIN) 22925
655 #0 - TÉRMINO DE INDIZACIÓN--GÉNERO/FORMA
Datos o término principal de género/forma Fantasy fiction
9 (RLIN) 22510
655 #0 - TÉRMINO DE INDIZACIÓN--GÉNERO/FORMA
Datos o término principal de género/forma Gothic fiction
9 (RLIN) 23121
942 ## - ELEMENTOS DE ENTRADA AGREGADA (KOHA)
Fuente del sistema de clasificación o colocación Clasificación de Library of Congress
Holdings
Estado de retiro Estado de pérdida Fuente del sistema de clasificación o colocación Estado dañado No para préstamo Biblioteca de origen Biblioteca actual Fecha de adquisición Total de préstamos Signatura topográfica completa Código de barras Fecha visto por última vez Número de copia Precio válido a partir de Tipo de ítem Koha
    Clasificación de Library of Congress     TBS Barcelona TBS Barcelona 13/10/2025   P-EN PUE B07682 13/10/2025 1 13/10/2025 Book

Powered by Koha